000 00711nam a2200217 a 4500
001 BRCA_6900
005 20190320205631.0
008 151111c1926----enkab#####---#000-0#eng-#
041 _ager
044 _agw
050 4 _aDS406
_b.C75
_c1926
245 1 0 _aIndia, Burma, and Ceylon. Information for travellers and residents.
260 _aLondres
_bThos. Cook & son
_c1926
300 _aiv, 238 p.
_bil. (algunas a color), mapas
_c16 cm.
500 _aL159
651 4 _aIndia
_vGuía de viajeros
_xDescripción y viajes
_917183
651 4 _aPakistan
_vGuía de viajeros
_xDescripción y viajes
_917184
651 4 _aSri Lanka
_vGuía de viajeros
_xDescripción y viajes
_917185
902 _aGFM
942 _2lcc
_cB
999 _c6582
_d6582